| 000 | 00473nam a2200169 i 4500 | ||
|---|---|---|---|
| 001 | 21476 | ||
| 003 | ES-MaACL | ||
| 005 | 20230906152502.0 | ||
| 007 | t| | ||
| 008 | 021125s1985 fr a |||| |dspa d | ||
| 020 | _a84-398-4860-9 | ||
| 245 | 0 | 0 |
_aMemoria de María Luisa / _cJuan Alcalde... [et al.]. |
| 260 |
_aParis : _b[s.n.], _c1985 ( _eAlcoy : _fGráf. Ciudad) |
||
| 300 |
_a88 p. : _bil. ; _c21 cm. |
||
| 700 | 1 |
_aAlcalde, Juan. _919479 |
|
| 852 |
_aES-MaACL _jL-11834 |
||
| 999 |
_c21476 _d21476 |
||